000 00476nam a2200181Ia 4500
001 19313
005 20260306172644.0
008 260306t2009||||xx |||||||||||||| ||spa||
041 _aESP
082 _a658.83
_bS21
100 _aSantesmases Mestre, Miguel
_eAUT
245 0 _aDiseño y análisis de encuestas en investigación social y de mercados
260 _c2009
300 _a554 páginas :
_c24 cm.
650 _aGEN
654 _aCAN
942 _cLIB
_dJUS
_fJUS
_2ddc
_n
999 _c19313
_d19313